[Event "Baden-ch Seniors"]
[Site "Badenweiler"]
[Date "2009.06.06"]
[Round "8"]
[White "Miler, Adolf"]
[Black "Bucher, Horst"]
[Result "1-0"]
[WhiteElo "1749"]
[BlackElo "1841"]
[PlyCount "26"]
[EventDate "2009.06.01"]
[EventType "swiss"]
[EventRounds "9"]
[EventCountry "GER"]
[SourceTitle "EXT 2010"]
[Source "ChessBase"]
[SourceDate "2010.11.25"]
[SourceVersion "1"]
[SourceVersionDate "2010.11.25"]
[SourceQuality "1"]

1. e4 c5 2. Nf3 Nc6 3. d4 cxd4 4. Nxd4 d6 5. Nc3 Nf6 6. h3 Bd7 7. Be3 Rc8 8. Be2 a6 9. 0-0 e6 10. a3 Be7 11. Qd2 0-0 12. Rad1 Ne5 13. f4 Nc4 1-0

[Event "Baden-ch Seniors"]
[Site "Badenweiler"]
[Date "2009.06.04"]
[Round "4"]
[White "Miler, Adolf"]
[Black "Maksic, Radomir"]
[Result "1-0"]
[WhiteElo "1749"]
[BlackElo "1959"]
[PlyCount "65"]
[EventDate "2009.06.01"]
[EventType "swiss"]
[EventRounds "9"]
[EventCountry "GER"]
[SourceTitle "EXT 2010"]
[Source "ChessBase"]
[SourceDate "2010.11.25"]
[SourceVersion "1"]
[SourceVersionDate "2010.11.25"]
[SourceQuality "1"]

1. e4 e5 2. Nf3 Nc6 3. Bb5 d6 4. c3 Bd7 5. d3 a6 6. Ba4 Be7 7. Be3 Nf6 8. Nbd2 0-0 9. h3 Qc8 10. Bc2 h6 11. Nf1 b5 12. Qd2 Kh7 13. Ng3 Ng8 14. d4 Bf6 15. Rc1 g6 16. b3 Qd8 17. dxe5 Nxe5 18. Nxe5 Bxe5 19. f4 Bf6 20. 0-0 Bc6 21. Bd4 Bxd4+ 22. cxd4 Bb7 23. Qe3 Qh4 24. Rf2 f6 25. Rcf1 d5 26. f5 Qg5 27. Qxg5 hxg5 28. fxg6+ Kg7 29. e5 Rad8 30. exf6+ Nxf6 31. Rxf6 Rxf6 32. Nh5+ Kh6 33. Nxf6 1-0